| 000 | 00415pab a2200133 454500 | ||
|---|---|---|---|
| 008 | 180718b1983 xxu||||| |||| 00| 0 eng d | ||
| 100 | _aSahab Dayal | ||
| 245 |
_aCooperative labour - Management relations in the American automobile industry _bThe quality of work life approach |
||
| 260 | _c1983 | ||
| 300 | _a79-90 | ||
| 650 | _aLabour Relations - U.S.A. | ||
| 773 | _aIndian Journal of Economics | ||
| 909 | _a11951 | ||
| 999 |
_c11951 _d11951 |
||